| Tag |
First Indicator |
Second Indicator |
Subfields |
| LEADER |
00000cam a2200000 i 4500 |
| 001 |
in00005779899 |
| 005 |
20260501134603.7 |
| 008 |
250716s2025 enkab b 000 0 eng c |
| 010 |
|
|
|a 2025474454
|
| 040 |
|
|
|a DLC
|e rda
|c DLC
|d TXA
|
| 020 |
|
|
|a 9781407361635
|q (paperback)
|
| 020 |
|
|
|a 1407361635
|q (paperback)
|
| 020 |
|
|
|z 9781407361642
|q (e-format)
|
| 035 |
|
|
|a (OCoLC)1527867659
|
| 043 |
|
|
|a e-gr---
|
| 050 |
|
0 |
|a N7763.M44
|b L38 2025
|
| 082 |
0 |
0 |
|a 704.947
|2 23/eng/20250729
|
| 100 |
1 |
|
|a Lazarou, Anna,
|e author.
|
| 245 |
1 |
0 |
|a Metamorphoses of the Gorgo-Medusa from archaic Greece to late antiquity /
|c Anna Lazarou.
|
| 264 |
|
1 |
|a Oxford, UK :
|b BAR Publishing,
|c 2025.
|
| 300 |
|
|
|a xxv, 277 pages :
|b illustrations (some color), color maps ;
|c 30 cm.
|
| 336 |
|
|
|a text
|b txt
|2 rdacontent
|
| 336 |
|
|
|a still image
|b sti
|2 rdacontent
|
| 337 |
|
|
|a unmediated
|b n
|2 rdamedia
|
| 338 |
|
|
|a volume
|b nc
|2 rdacarrier
|
| 490 |
1 |
|
|a BAR international series ;
|v 3223
|
| 504 |
|
|
|a Includes bibliographical references (pages 247-277).
|
| 520 |
|
|
|a This monograph explores the evolution of the gorgoneion and Gorgo-Medusa with a focus on the period between the 8th century BC and 5th century AD in the ancient Greek World. Here, Medusa serves as an apotropaic symbol, embodying evil to counteract evil and deter threats. Artistic representations have been classified into six categories. The variations in form, material and context are discussed critically and are linked to daily life in the ancient world. The book provides detailed analysis of the changing faces and roles of the prevalent gorgoneion type throughout each cultural phase and subperiod. It merges aspects of the history of art, philosophy, cultural development, archaeology and mythological accounts based on all available ancient literature sources. It explores the intriguing, attractive and enigmatic roles of gorgoneion/Medusa throughout ancient Greek history, including connections with Eastern cultures.
|
| 600 |
0 |
0 |
|a Medusa
|c (Gorgon)
|
| 650 |
|
0 |
|a Mythology, Greek.
|
| 650 |
|
0 |
|a Art, Greek.
|
| 651 |
|
0 |
|a Greece
|x Antiquities.
|
| 650 |
|
0 |
|a Archaeology.
|
| 830 |
|
0 |
|a BAR international series ;
|v 3223.
|
| 948 |
|
|
|a dmitchel 5/1/26 8.44.16
|
| 994 |
|
|
|a Z0
|b TXA
|
| 999 |
f |
f |
|i 0f6fdef4-718c-4422-9e15-297f4ead25bf
|s c4e6efe1-190c-494c-9641-577ded04cac3
|t 0
|
| 952 |
f |
f |
|p newbook
|a Texas A&M University
|b College Station
|c Sterling C. Evans Library
|s Evans nbs
|d Evans: New Book Shelves (1st floor)
|t 0
|e N7763.M44 L38 2025
|h Library of Congress classification
|i unmediated -- volume
|m A14852408807
|
| 998 |
f |
f |
|a N7763.M44 L38 2025
|t 0
|l Evans: Library Stacks
|